Kenya, atlas of our changing environment / (Record no. 1595)

MARC details
000 -LEADER
fixed length control field 01600cem a2200433 a 4500
001 - CONTROL NUMBER
control field 15681859
003 - CONTROL NUMBER IDENTIFIER
control field OSt
005 - DATE AND TIME OF LATEST TRANSACTION
control field 20230620104709.0
007 - PHYSICAL DESCRIPTION FIXED FIELD--GENERAL INFORMATION
fixed length control field ad canzn
008 - FIXED-LENGTH DATA ELEMENTS--GENERAL INFORMATION
fixed length control field 090401s2009 ke bc e i 1 eng d
010 ## - LIBRARY OF CONGRESS CONTROL NUMBER
LC control number 2009349331
020 ## - INTERNATIONAL STANDARD BOOK NUMBER
International Standard Book Number 9789280729955
034 0# - CODED CARTOGRAPHIC MATHEMATICAL DATA
Category of scale a
035 ## - SYSTEM CONTROL NUMBER
System control number (OCoLC)ocn310392832
040 ## - CATALOGING SOURCE
Original cataloging agency YDXCP
Transcribing agency YDXCP
Modifying agency BTCTA
-- SDB
-- DLC
042 ## - AUTHENTICATION CODE
Authentication code lccopycat
-- lcode
050 00 - LIBRARY OF CONGRESS CALL NUMBER
Classification number G2531.G3
Item number U5 2009
052 ## - GEOGRAPHIC CLASSIFICATION
Geographic classification area code 8411
082 00 - DEWEY DECIMAL CLASSIFICATION NUMBER
Classification number 912.6762
Edition number 21
Item number KEN
110 2# - MAIN ENTRY--CORPORATE NAME
Corporate name or jurisdiction name as entry element United Nations Environment Programme.
245 10 - TITLE STATEMENT
Title Kenya, atlas of our changing environment /
Statement of responsibility, etc. UNEP.
255 ## - CARTOGRAPHIC MATHEMATICAL DATA
Statement of scale Scales differ.
260 ## - PUBLICATION, DISTRIBUTION, ETC. (IMPRINT)
Place of publication, distribution, etc. Nairobi, Kenya :
Name of publisher, distributor, etc. United Nations Environment Programme,
Date of publication, distribution, etc. c2009.
300 ## - PHYSICAL DESCRIPTION
Extent 1 atlas (viii, 160 p.) :
Other physical details col. ill., col. maps ;
Dimensions 36 cm.
500 ## - GENERAL NOTE
General note Relief shown by shading and gradient tints.
500 ## - GENERAL NOTE
General note Also shows remote-sensing maps of Kenya.
500 ## - GENERAL NOTE
General note "[Government of Kenya], UNEP, RCMRD, USGS, Government of Norway."
500 ## - GENERAL NOTE
General note "[Copyright] ... United Nations Environment Programme"--T.p. verso.
504 ## - BIBLIOGRAPHY, ETC. NOTE
Bibliography, etc Includes bibliographical references (p. 157) and index.
650 #0 - SUBJECT ADDED ENTRY--TOPICAL TERM
Topical term or geographic name as entry element Environmental impact analysis
Geographic subdivision Kenya
Form subdivision Maps.
650 #0 - SUBJECT ADDED ENTRY--TOPICAL TERM
Topical term or geographic name as entry element Human ecology
Geographic subdivision Kenya
General subdivision History
Form subdivision Maps.
650 #0 - SUBJECT ADDED ENTRY--TOPICAL TERM
Topical term or geographic name as entry element Natural resources
Geographic subdivision Kenya
Form subdivision Maps.
651 #0 - SUBJECT ADDED ENTRY--GEOGRAPHIC NAME
Geographic name Kenya
General subdivision Environmental conditions
Form subdivision Maps.
651 #0 - SUBJECT ADDED ENTRY--GEOGRAPHIC NAME
Geographic name Kenya
Form subdivision Remote-sensing maps.
651 #0 - SUBJECT ADDED ENTRY--GEOGRAPHIC NAME
Geographic name Kenya
Form subdivision Maps.
906 ## - LOCAL DATA ELEMENT F, LDF (RLIN)
a 7
b cbc
c copycat
d u
e ncip
f 20
g y-geogmaps
942 ## - ADDED ENTRY ELEMENTS (KOHA)
Source of classification or shelving scheme Dewey Decimal Classification
Koha item type Books
Holdings
Withdrawn status Lost status Source of classification or shelving scheme Damaged status Not for loan Collection code Home library Current library Shelving location Date acquired Total Checkouts Full call number Barcode Date last seen Price effective from Koha item type
    Dewey Decimal Classification     Reference Bunge Tower Library Bunge Tower Library Reference 06/20/2023   912.6762 KEN 10015013 06/20/2023 06/20/2023 Books
LIBRARY OPENING HOURS

When the Parliament is sitting: 8.00a.m - 7.00p.m or until the house adjourns
Mondays and Fridays and when the House is on Recess:  8.00a.m - 5.00p.m
Closed on Weekends and Public Holidays

Online Public Access Catalog (OPAC)
Website: http://www.parliament.go.ke
Bunge Library: https://libraryir.parliament.go.ke
Contact: library@parliament.go.ke | Tel no: (254-2)2221291 or 2848000 Ext 5043